000 00967nam a2200241 a 4500
001 54411
003 BD-RjUL
005 20211209080121.0
008 161106s1993 bg ||||| |||| 00| 0 ben d
020 _a9844011302
_c: TK 100.00
035 _a(BD-RjUL)54533
040 _aBD-RjUL
_bben
_cBD-RjUL
041 _aben
082 _223
_a923.2095492
_bRAB 1993
100 _a রহমান, হাছিনা
_9162369
245 1 0 _aবাঙালীর মুক্তিসংগ্রাম ও আহমদ ফজলুর রহমান /
_c হাছিনা রহমান
260 _aঢাকা :
_bআগামী প্রকাশনী,
_c১৯৯৩
300 _a১৫৭ পৃ. ;
_c২১ সেমি.
650 _aরাজনীতিবিদ
_zবাংলাদেশ
_9162370
650 _aPolitician
_zBangladesh
_9162371
700 _aহালিম, আবদুল, সম্পাদক
_9162372
942 _2ddc
_cBK
999 _c54411
_d54411